[Event "Skilling Open CCT KO 2021"]
[Site "Online"]
[Date "2020.11.29"]
[Round "3.6"]
[White "Carlsen, Magnus"]
[Black "So, Wesley"]
[Result "0-1"]
[WhiteElo "2881"]
[BlackElo "2741"]
[Annotator "TA"]
[PlyCount "122"]
[EventDate "2020.11.20"]
[EventType "k.o."]
[EventCountry "NET"]
[SourceTitle "playchess.com"]
[Source "ChessBase"]
[SourceQuality "1"]

{[%evp 11,122,29,19,21,31,-10,34,35,33,39,31,25,13,25,26,29,21,8,8,10,14,16,20,-31,-32,-47,-49,-51,-54,-56,-54,-80,-71,-72,-75,-81,-85,-87,-70,-83,-77,-112,-97,-116,-112,-114,-115,-106,-89,-127,-112,-208,-147,-144,-158,-137,-123,-180,-170,-247,-186,-217,-195,-216,-194,-224,-223,-627,-626,-782,-147,-369,0,-787,-653,-789,-481,-797,-610,-735,-713,-1162,-1155,-1133,-1117,-1137,-1111,-1045,-1031,-964,-912,-845,-516,-29962,-29966,-29966,-12668,-29967,-29967,-29971,-29972,-29979,-29980,-29980,-29981,-29981,-29984,-29984,-29985,-29985,-29986,-29986,-29987]} 1. d4 Nf6 2. c4 e6 3. Nf3 d5 4. Nc3 c5 5. cxd5 cxd4 6. Qxd4 (6. Nxd4 Nxd5 7. Bd2 Be7 8. e4 Nxc3 9. Bxc3 O-O 10. Be2 Qb6 11. O-O Rd8 12. Qb3 Na6 13. Qxb6 axb6 14. Bxa6 Rxa6 15. a3 Bd7 16. Rfd1 Kf8 17. Nc2 Raa8 18. Kf1 Bb5+ 19. Ke1 {½-½ (53) Carlsen,M (2863)-So,W (2770) chess24.com INT 2020}) 6... exd5 7. e4 {[%cal Re4d5] D41: Queen's Gambit Declined: Semi-Tarrasch with 5 cxd5.} dxe4 8. Qxd8+ Kxd8 9. Ng5 {White is slightly better.} Be6 10. Nxe6+ fxe6 11. Bc4 Ke7 12. O-O {Black should prevent Re1.} Nbd7 {[#]} 13. Rd1 $146 ({Predecessor:} 13. Re1 Rc8 14. Bb3 Nc5 15. Be3 Nxb3 16. axb3 a6 17. Ra4 Kf7 18. Nxe4 Nxe4 19. Rxe4 {½-½ (75) L'Ami,E (2619)-Williams,S (2429) Douglas 2015}) 13... Rc8 14. Be2 a6 15. Be3 Rc6 16. Rac1 Kd8 17. Bd4 ({White should try} 17. Bf4 $11) 17... Bd6 $15 18. Na4 Rxc1 19. Rxc1 Ke7 20. g3 Rd8 21. Be3 Nd5 22. Bg5+ N7f6 23. Nc5 Bxc5 24. Rxc5 h6 25. Bc1 Nb4 26. Rc7+ Rd7 27. Rxd7+ Kxd7 $17 {[%mdl 4096] Endgame KBB-KNN} 28. Bd2 Nfd5 ({Much weaker is} 28... Nxa2 $6 29. Bc4 $11) 29. a3 Nd3 30. b3 Kd6 31. f3 (31. Kf1 $17 {was called for.}) 31... Nc5 32. fxe4 Nxe4 33. Bc1 e5 34. b4 (34. a4 $17 {is a better defense.}) 34... Nec3 $19 35. Bf1 (35. Bf3 {might work better.}) 35... e4 36. Kf2 Ke5 37. Bh3 b6 38. Bb2 Kd4 39. Bf1 $2 (39. Bc8 Kd3 40. Ke1 (40. Bxa6+ $2 Kd2 $19)) 39... b5 40. Ke1 {next Kd2 is good for White.} Ke3 $2 (40... Ne3 $19 {and Black stays clearly on top.} 41. Be2 Nc4) 41. Bc1+ $2 (41. Bh3 $17) 41... Kd4 $2 (41... Kf3 42. Bh3 h5) 42. Bb2 {White wants to play Kd2.} e3 43. Ba1 g6 44. Bh3 (44. Be2 $142 Nb6 45. Bd1) 44... Kd3 45. Bc8 Nb1 46. Bb2 Nd2 {[#] ( -> ...Nf3+)} 47. Bg4 Nc3 48. Bxc3 Kxc3 {KB-KN} 49. Ke2 Nc4 50. Bc8 Nxa3 51. Bxa6 Kd4 52. h4 {[#]} (52. Bc8 $19 Nc2 53. Bd7) 52... Nb1 53. Kd1 Nc3+ 54. Kc2 g5 {Black mates.} 55. hxg5 hxg5 56. g4 Kc4 57. Bc8 Kxb4 58. Kd3 e2 59. Kd2 Ka3 60. Bf5 b4 {[%cal Bb5b4,Bb4b3][%mdl 32]} 61. Bd3 b3 {Weighted Error Value: White=0.59/Black=0.42} 0-1

[Event "Skilling Open CCT KO 2021"]
[Site "Online"]
[Date "2020.11.29"]
[Round "3.7"]
[White "So, Wesley"]
[Black "Carlsen, Magnus"]
[Result "1/2-1/2"]
[WhiteElo "2741"]
[BlackElo "2881"]
[Annotator "TA"]
[PlyCount "62"]
[EventDate "2020.11.20"]
[EventType "k.o."]
[EventCountry "NET"]
[SourceTitle "playchess.com"]
[Source "ChessBase"]
[SourceQuality "1"]

{[%evp 9,62,20,10,0,0,19,17,8,-1,14,29,31,33,-19,9,0,14,28,22,26,77,59,65,66,66,67,79,-178,-25,-24,-26,-25,-30,-49,-37,-32,-35,-35,-27,-54,-45,-46,-20,-64,0,0,0,0,0,0,0,0,0,0,0]} 1. e4 c6 2. d4 d5 3. e5 c5 (3... Bf5 4. Nf3 e6 5. Be2 Ne7 6. O-O h6 7. Nbd2 Nd7 8. Nb3 Nc8 9. a4 Ncb6 10. a5 Nc4 11. Bd3 Be7 12. Bxf5 exf5 13. e6 fxe6 14. Re1 Kf7 15. Qe2 Nf8 16. Nc5 Qc8 {1-0 (25) So,W (2770)-Carlsen,M (2863) chess24.com INT 2020}) 4. dxc5 e6 5. a3 Bxc5 6. Qg4 {B12: Caro-Kann: Advance Variation.} Ne7 7. Bd3 Ng6 8. Nf3 Nc6 9. O-O O-O 10. Qh5 {[#]} Qc7 $146 ({Predecessor:} 10... Bd7 11. Nbd2 Be8 12. b4 Be7 13. Nb3 f6 14. exf6 Bxf6 15. Ng5 Bxg5 16. Qxg5 Qxg5 17. Bxg5 {1-0 (43) Ilyasov,A (2395)-Dard,M (2251) ICCF email 2018}) 11. b4 (11. Nbd2 $14) 11... Be7 12. Bb2 Bd7 13. Re1 Be8 14. Nc3 Qd7 (14... a6 $11 {keeps the balance.}) 15. Qh3 f6 16. exf6 Bxf6 17. Rxe6 Nce7 18. Bb5 $2 {[%mdl 8192] [#]} (18. Rae1 $16 {and life is bright.}) 18... Qc8 $2 ({Black should try} 18... Nf4 $19 19. Bxd7 Nxh3+ 20. gxh3 Bxd7 21. Rxe7 Bxe7 22. Nxd5 Bd6) 19. Rxf6 $1 $11 ({But not} 19. Bxe8 $2 Nf4 $19) 19... Rxf6 20. Qxc8 $1 Rxc8 21. Bd3 Nf4 22. Ne2 Nxe2+ ({Much weaker is} 22... Nxd3 $6 23. Bxf6 Rxc2 24. Ned4 $16) 23. Bxe2 Re6 24. Bd3 Bg6 $1 25. Nd4 Rb6 26. Re1 Kf7 (26... Bxd3 $15 27. cxd3 Nc6) 27. Be2 {The position is equal.} Bxc2 28. Bg4 Rc4 29. Be2 Rc8 30. Bg4 Rc4 31. Be2 Rc8 {Weighted Error Value: White=0.24/Black=0.21} 1/2-1/2

[Event "Skilling Open CCT KO 2021"]
[Site "Online"]
[Date "2020.11.29"]
[Round "3.9"]
[White "So, Wesley"]
[Black "Carlsen, Magnus"]
[Result "1-0"]
[WhiteElo "2741"]
[BlackElo "2881"]
[Annotator "TA"]
[PlyCount "87"]
[EventDate "2020.11.20"]
[EventType "k.o."]
[EventCountry "NET"]
[SourceTitle "playchess.com"]
[Source "ChessBase"]
[SourceQuality "1"]

{[%evp 11,87,12,29,9,40,39,31,37,32,30,33,35,58,60,62,63,68,68,68,72,118,82,76,88,163,146,154,150,154,149,148,147,152,145,179,163,167,164,215,175,222,168,305,280,266,225,208,92,102,70,79,42,40,46,41,41,42,41,799,793,752,748,708,708,29964,29964,29962,5185,29969,29970,29970,29956,29973,29972,29984,29985,29985,29986]} 1. e4 c6 2. d4 d5 3. e5 Bf5 4. Nf3 e6 5. Be2 h6 6. O-O Ne7 {The main line 6...Ne7 scores better than 6...Nd7.} 7. a4 {B12: Caro-Kann: Advance Variation.} (7. Nbd2 Nd7 8. Nb3 Nc8 9. a4 Ncb6 10. a5 Nc4 11. Bd3 Be7 12. Bxf5 exf5 13. e6 fxe6 14. Re1 Kf7 15. Qe2 Nf8 16. Nc5 Qc8 17. Bf4 g5 {1-0 (25) So,W (2770)-Carlsen,M (2863) chess24.com INT 2020}) 7... a5 (7... c5 $5) 8. Nbd2 Nd7 9. Nb3 {White is slightly better.} Bh7 10. Bd2 Qb6 11. h3 {[#]} Ng6 $146 ({Predecessor:} 11... Nc8 12. Ne1 Bb4 13. c3 Be7 14. Bd3 O-O 15. Be3 c5 16. Bxh7+ Kxh7 17. f4 c4 {½-½ (35) Caruso,A (2337)-Zajsek,F (2219) ICCF email 2016}) 12. Qe1 {[%cal Rd2a5]} Bb4 13. Bxb4 Qxb4 14. Qxb4 axb4 15. Bd3 c5 {next ...c4 is good for Black.} 16. Nxc5 Nxc5 17. dxc5 Ra5 (17... O-O $16) 18. Bb5+ Ke7 19. Rfe1 Rc8 20. c3 bxc3 {[#]} 21. b4 $1 {[%cal Rb4a5]} Raa8 22. Rac1 Nf4 23. Rxc3 Be4 24. a5 f6 (24... g5 {was worth a try.} 25. Bf1 Bxf3) 25. h4 g5 26. g3 Ng6 (26... Nh3+ $142 27. Kg2 f5) 27. exf6+ $18 Kxf6 28. hxg5+ hxg5 29. Nh2 (29. Rce3 $18 {has better winning chances.}) 29... Ne5 $16 30. Rce3 {f3 is the strong threat.} Rh8 {White must now prevent ...Rxh2!} 31. f3 (31. g4 $5 {[%cal Rf2f3]} Rxh2 {[%mdl 64] Decoy} 32. Kxh2 Nxg4+ {[%mdl 64] Double Attack} 33. Kg3 Nxe3 34. fxe3 $16) 31... Rxh2 $1 {[%mdl 64] Remove Defender, Decoy} 32. Kxh2 ({Weaker is} 32. fxe4 Rah8 $17) 32... Nxf3+ 33. Rxf3+ Bxf3 $14 {[%mdl 4096] Endgame KRB-KRB} 34. c6 d4 $2 {[%mdl 8192] This move loses the game for Black.} (34... bxc6 $14 35. Bxc6 Ra7) 35. Rf1 $18 Rh8+ 36. Kg1 Rh1+ 37. Kf2 Rxf1+ 38. Bxf1 Bxc6 {[#] KB-KB} 39. b5 $1 {[%cal Rb5c6,Bb4b5,Bb5a6,Ba6a7][%mdl 32]} Bd7 40. a6 {White mates.} bxa6 41. bxa6 d3 42. Bxd3 Ke5 43. a7 Bc6 44. Bf1 {Weighted Error Value: White=0.14/Black=0.72} 1-0

[Event "Skilling Open CCT KO 2021"]
[Site "Online"]
[Date "2020.11.29"]
[Round "3.10"]
[White "Carlsen, Magnus"]
[Black "So, Wesley"]
[Result "1/2-1/2"]
[WhiteElo "2881"]
[BlackElo "2741"]
[Annotator "TA"]
[PlyCount "91"]
[EventDate "2020.11.20"]
[EventType "k.o."]
[EventCountry "NET"]
[SourceTitle "playchess.com"]
[Source "ChessBase"]
[SourceQuality "1"]

{[%evp 19,91,29,28,29,30,33,34,27,40,16,6,8,7,9,13,2,60,43,47,58,37,33,86,33,12,16,22,25,55,0,0,0,0,0,0,0,0,0,0,-20,26,0,0,0,-3,-26,0,0,0,-77,-83,-171,-70,-70,-70,-81,-57,-49,-49,-64,0,0,0,0,0,0,0,0,0,0,0,0,0,0]} 1. d4 Nf6 2. c4 e6 3. Nf3 d5 4. Nc3 c5 5. e3 dxc4 6. Bxc4 a6 7. O-O b5 8. Be2 Bb7 9. dxc5 Bxc5 {9...Bxc5 scores better than 9...Qxd1.} 10. Qxd8+ Kxd8 11. Nd2 {D27: Queen's Gambit Accepted: Classical main line: 7 e4!? and 7 a4.} Ke7 12. Nb3 Nbd7 (12... Bb6 13. a4 b4 14. a5 Bc7 15. Na4 Nbd7 16. Bd2 Bd6 17. Rfc1 Rhc8 18. Nb6 Rxc1+ 19. Rxc1 Nxb6 20. axb6 a5 21. Nc5 Rb8 22. Nxb7 Rxb7 {1-0 (31) Carlsen,M (2832)-So,W (2815) chess.com INT 2017}) 13. Na5 {White is slightly better.} Rab8 14. Nxb7 Rxb7 15. Bd2 {[#]} Rc7 $146 ({Predecessor:} 15... Nb6 16. Rfc1 Bd6 17. Be1 Rc8 18. a4 Nxa4 19. Rxa4 bxa4 20. Bxa6 Rxc3 21. Bxc3 {½-½ (34) Swiercz,D (2622)-Bartel,M (2619) Chorzow 2013}) 16. Rfd1 Rhc8 17. Be1 Bd6 ({Black should play} 17... Kf8 $11) 18. Bxb5 $1 $14 axb5 19. Nxb5 {[%mdl 64] [#] Double Attack} Rc6 20. Na7 $1 {[%csl LRc6,LRc8][%mdl 64] Double Attack} Be5 ({Better is} 20... R6c7 $14 21. Nxc8+ Rxc8) 21. Nxc8+ (21. Rab1 $16) 21... Rxc8 22. Rab1 Ra8 23. a3 Nd5 24. Rdc1 (24. e4 $14 N5f6 25. f3) 24... f5 $11 25. h3 g5 26. Kf1 h5 27. Rc2 g4 28. Ke2 N7f6 29. Ra1 f4 30. hxg4 fxe3 31. fxe3 Nxg4 32. Bh4+ Kd6 33. e4 Nge3 $36 {[%mdl 2048] Black has the initiative.} 34. Rcc1 (34. Rd2 $11 {keeps the balance.}) 34... Nxg2 $17 {[#] aiming for ...Ndf4+.} 35. Bf2 (35. exd5 $17 {is a better defense.} Nxh4 36. dxe6) 35... Ngf4+ (35... Ndf4+ $19 36. Kf1 Bxb2 {[%mdl 64] Double Attack} 37. Rd1+ Ke5) 36. Kf3 $15 Bxb2 37. Bc5+ Kd7 (37... Ke5 {feels hotter.} 38. exd5 Nd3 39. Rh1 Bxa1 40. Rxh5+ Kf6) 38. exd5 Bxc1 39. dxe6+ Nxe6 (39... Kc6 $1 $15 40. Rxc1 Nd3 {[%mdl 64] Double Attack}) 40. Rxc1 $11 {The position is equal.} Nxc5 41. Rxc5 Rxa3+ $15 {KR-KR} 42. Kf4 h4 43. Kg4 h3 44. Rh5 Rb3 45. Rxh3 Rxh3 46. Kxh3 {Weighted Error Value: White=0.13/Black=0.15} 1/2-1/2